|
|
|
|
| LEADER |
00000cam a2200000 i 4500 |
| 001 |
vtls009730964 |
| 003 |
SK-MaSNL |
| 005 |
20260301211820.0 |
| 008 |
251106s1977 xo r 000 slo |
| 035 |
|
|
|a (SVKBBclas03)vtls000100023
|
| 040 |
|
|
|a SNK
|b slo
|c SNK
|e AACR2
|
| 041 |
0 |
|
|a slo
|
| 044 |
|
|
|a xo
|c SK
|
| 080 |
|
|
|a 820/89-1=854
|2 1981
|
| 080 |
|
|
|a 82-1=854
|2 1981
|
| 100 |
1 |
|
|a Válek, Miroslav,
|d 1927-1991
|4 aut
|9 102196
|
| 245 |
1 |
0 |
|a Preklady
|c Miroslav Válek ; zost. Anton Popovič ; úv. nap. Viktor Kochol
|
| 260 |
|
|
|a Bratislava
|b Slovenský spisovateľ
|c 1977
|
| 300 |
|
|
|a 517 s.
|
| 490 |
1 |
|
|a Básnický preklad
|
| 650 |
0 |
7 |
|a svetová poézia
|2 SNKPH
|9 58416
|
| 655 |
|
7 |
|a antológie
|2 SNKPH
|9 70414
|
| 700 |
1 |
|
|a Popovič, Anton,
|d 1933-1984
|4 com
|9 105167
|
| 700 |
1 |
|
|a Kochol, Viktor,
|d 1919-1984
|4 aui
|9 105179
|
| 830 |
|
0 |
|a Básnický preklad
|9 346646
|
| 852 |
|
|
|a Štátna vedecká knižnica v Banskej Bystrici
|
| 958 |
|
|
|a OND
|
| 999 |
|
|
|c 916813
|d 918743
|
| 952 |
|
|
|a SNK
|b SNK
|y VYP
|7 0
|p 17A1051290
|o snkSC 43376 D1
|i snkKSP 2236/78
|0 0
|1 0
|4 0
|d 2013-04-04
|l 0
|r 2026-02-24 08:03:32
|w 2026-02-24
|